Traductor de texto en español a voz /
Contenido: I) Reseña histórica de la síntesis de voz; II) Análisis del sistema fonatorio humano y la producción de la voz; III) Fonética y fonología; IV) Procesamiento técnico de la voz; V) Ecuaciones y algoritmos que representan a la voz, base de una síntesis de voz; VI) Sistema de síntesis de voz...
Gardado en:
| Autor Principal: | |
|---|---|
| Formato: | Libro |
| Idioma: | Lingua castelá |
| Publicado: |
Guadalajara, México :
editorial no identificada,
1998
|
| Temas: | |
| Etiquetas: |
Sen Etiquetas, Sexa o primeiro en etiquetar este rexistro!
|
MARC
| LEADER | 00000nam^a2200000^a^4500 | ||
|---|---|---|---|
| 001 | 000371134 | ||
| 005 | 20250521000000.0 | ||
| 009 | 20260310115924.244 | ||
| 037 | |a Acervo ITESO - Biblioteca | ||
| 041 | |a ESP | ||
| 082 | |a 006. 54 |b PER | ||
| 100 | |a Peredo Durán, Mario Alberto |e (autor) | ||
| 245 | 1 | 0 | |a Traductor de texto en español a voz / |c M.A. Peredo Durán. |
| 264 | 1 | |a Guadalajara, México : |b editorial no identificada, |c 1998 | |
| 300 | |a 138. p | ||
| 336 | |a texto |b txt |2 rdacontenido | ||
| 337 | |a sin mediación |b n |2 rdamedio | ||
| 338 | |a volumen |b nc |2 rdasoporte | ||
| 520 | |a Contenido: I) Reseña histórica de la síntesis de voz; II) Análisis del sistema fonatorio humano y la producción de la voz; III) Fonética y fonología; IV) Procesamiento técnico de la voz; V) Ecuaciones y algoritmos que representan a la voz, base de una síntesis de voz; VI) Sistema de síntesis de voz y de reproducción de la señal de voz; VII) Pruebas, resultados y conclusiones. | ||
| 649 | |a XX | ||
| 650 | |a Tesis | ||
| 650 | |a Sintetizador - |x Tema Principal | ||
| 650 | |a Reconocimiento de voz - |x Tema Principal | ||
| 650 | |a Comunicación Oral | ||
| 650 | |a Traducción Automática - |x Equipos y Aparatos - |x Tema Principal | ||
| 650 | |a Medicina - |x Equipo y Aparatos | ||
| 650 | |a Electrónica Digital | ||
| 650 | |a Ingeniería Electrónica | ||
| 910 | |a Fondo General | ||
| 920 | |a Impresos - Libros | ||
| 930 | |a Colección General | ||
| 905 | |a 101 | ||
| 901 | |a 0500265000 |b IT1 |c ACC |i D75495 |u 20250521 | ||
| 902 | |a https://opac.biblio.iteso.mx/vufind/Record/000371134 | ||